000 00886nam a22002777a 4500
001 BR9504080
003 BR-BrBNA
005 20230928094451.0
007 ta
008 230509b bl.||||| |||| 00| 0 por d
040 _aBR-BrBNA
_bpor
_cBiblioteca Nacional de Agricultura
041 _a(Por)
072 _aH10
_b4020
090 _ 4020 BR9504080
110 1 _aCentro Nacional de Pesquisa de Milho e Sorgo, Sete Lagoas, MG (Brasil)
_91790
111 1 _a2. Reuniao sobre Pragas Subterraneas dos Paises do Cone Sul
_cSete Lagoas, MG (Brazil)
_d14-16 Oct 1992
245 1 _aAnais da 2. Reuniao sobre Pragas Subterraneas dos Paises do Cone Sul
260 3 _aSete Lagoas, MG (Brasil):
_c1992.
300 _a194 p.
650 _aInseto
650 _aBiologia
650 _aControle Quimico
650 _aControle Biologico
909 _a202309
_bLucia
_c55
_dLucia Elande
942 _cBK
999 _c50881
_d50881